[Event "Tournoi Skype 011A"]
[Site "Skype"]
[Date "????.??.??"]
[Round "7.13"]
[White "De Leener, Luc"]
[Black "Antonic, Nenad"]
[Result "1-0"]
[WhiteElo "1632"]
[BlackElo "1449"]
[PlyCount "83"]

1. e4 Nf6 2. e5 Nd5 3. c4 Nb6 4. Nf3 d6 5. exd6 cxd6 6. Nc3 Be6 7. d3 g6 8. Be2
Bg7 9. O-O O-O 10. Ng5 Bf5 11. Bg4 h6 12. Bxf5 gxf5 13. Nf3 N8d7 14. Bd2 Nc5
15. d4 Ncd7 16. Qc1 Kh7 17. b3 Nf6 18. Qc2 e6 19. Rad1 d5 20. c5 Nbd7 21. Bf4
Nh5 22. Bd6 Re8 23. Nb5 Bf8 24. Nc7 Bxd6 25. cxd6 Rc8 26. Qd3 Rf8 27. Nxd5 Ndf6
28. Nxf6+ Qxf6 29. Ne5 Rg8 30. Qf3 Qg7 31. g3 Nf6 32. Rc1 Ne4 33. d7 Rcd8 34.
Rfd1 f6 35. Nd3 Qxd7 36. Nf4 Ng5 37. Qh5 b6 38. Rc2 Qb7 39. Rdc1 Nf3+ 40. Kf1
Nxd4 41. Rc7+ Qxc7 42. Rxc7+ 1-0

[Event "Tournoi Skype 011A"]
[Site "Skype"]
[Date "????.??.??"]
[Round "7.14"]
[White "Bourdeau, Yvan"]
[Black "L'Herbon De Lussats, Jean"]
[Result "1-0"]
[WhiteElo "1620"]
[BlackElo "1486"]
[PlyCount "107"]

1. e4 c5 2. Nf3 d5 3. Bb5+ Bd7 4. Qe2 Bxb5 5. Qxb5+ Qd7 6. Qxd7+ Nxd7 7. exd5
Nb6 8. Nc3 Nf6 9. d3 Nbxd5 10. Nxd5 Nxd5 11. Bd2 f6 12. O-O e5 13. Rfe1 Bd6 14.
Re2 O-O 15. Rae1 Rf7 16. g3 a5 17. Nh4 g6 18. Nf3 b5 19. a3 b4 20. a4 Nb6 21.
b3 Nd7 22. Bc1 f5 23. Bb2 e4 24. dxe4 fxe4 25. Ng5 Rf5 26. Nxe4 Bf8 27. Nd2 Ra6
28. Nc4 Nf6 29. Bxf6 Rfxf6 30. Re5 Rf5 31. Rxf5 gxf5 32. Re5 Bg7 33. Rxc5 Rg6
34. Rxf5 h6 35. Nxa5 Rg5 36. Rxg5 hxg5 37. Nc6 Bc3 38. a5 Kf7 39. a6 Ke6 40. a7
Kd5 41. a8=Q Kc5 42. Qb7 g4 43. Na5 Be1 44. Qc6+ Kd4 45. Qd6+ Kc3 46. Qc5+ Kb2
47. Nc6 Ka3 48. Kf1 Bc3 49. Qa5+ Kb2 50. Nxb4 Bxb4 51. Qxb4 Kxc2 52. Qc4+ Kb2
53. b4 Ka3 54. b5 1-0

[Event "Tournoi Skype 011A"]
[Site "Skype"]
[Date "????.??.??"]
[Round "7.15"]
[White "Loyarte, Frederic"]
[Black "Soppelsa, Maurizio"]
[Result "0-1"]
[WhiteElo "1509"]
[BlackElo "1617"]
[PlyCount "52"]

1. d4 d5 2. c4 c6 3. Nc3 Nf6 4. Nf3 e6 5. c5 Be7 6. Bf4 O-O 7. e3 b6 8. b4 Ba6
9. Bxa6 Nxa6 10. Qa4 Qc8 11. Bd6 Bxd6 12. cxd6 Rd8 13. b5 Nb8 14. Qb4 c5 15.
dxc5 bxc5 16. Qa5 Rxd6 17. Rb1 Nbd7 18. O-O e5 19. Rfc1 e4 20. Nd2 Nb6 21. Na4
Nxa4 22. Qxa4 Nd7 23. Nb3 Nb6 24. Qa3 Rg6 25. Nxc5 Qh3 26. g3 Rh6 0-1

[Event "Tournoi Skype 011A"]
[Site "Skype"]
[Date "????.??.??"]
[Round "7.16"]
[White "Legueltel, Daniel"]
[Black "Fouquereau, Andre"]
[Result "1-0"]
[WhiteElo "1680"]
[BlackElo "1589"]
[PlyCount "57"]

1. d4 d5 2. c4 Nf6 3. cxd5 Qxd5 4. Nc3 Qd8 5. Nf3 e6 6. e3 c6 7. Bd3 h6 8. O-O
Be7 9. a3 Nbd7 10. b4 a6 11. Bb2 Qc7 12. Rc1 Nb6 13. e4 O-O 14. Qe2 Bd7 15. Bb1
Rfe8 16. Qd3 Nh7 17. d5 Nf8 18. Rfd1 Nc8 19. e5 Qb8 20. d6 Bd8 21. Ne4 Nb6 22.
Nc5 Qa7 23. Bd4 Qb8 24. Be3 f5 25. exf6 Bxf6 26. Nxe6 Bxe6 27. Bxb6 Bd7 28. Re1
Kf7 29. Ba2+ 1-0

[Event "Tournoi Skype 011A"]
[Site "Skype"]
[Date "????.??.??"]
[Round "7.17"]
[White "Casey, Eamonn"]
[Black "Hague, Mark"]
[Result "1-0"]
[WhiteElo "1656"]
[BlackElo "1400"]
[PlyCount "45"]

1. d4 d5 2. c4 c6 3. Nf3 Nf6 4. Nc3 g6 5. Bg5 Bg7 6. e3 e6 7. cxd5 exd5 8. Bd3
O-O 9. O-O Re8 10. Rc1 Nbd7 11. Re1 a6 12. e4 dxe4 13. Nxe4 h6 14. Bxf6 Nxf6
15. Qd2 Nxe4 16. Bxe4 Bg4 17. d5 f5 18. Bc2 Bxf3 19. gxf3 Qxd5 20. Bb3 Rad8 21.
Rxe8+ Rxe8 22. Bxd5+ cxd5 23. Qxd5+ 1-0

[Event "Tournoi Skype 011A"]
[Site "Skype"]
[Date "????.??.??"]
[Round "7.18"]
[White "Belouin, Bruno"]
[Black "Trivedi, Viral"]
[Result "1-0"]
[WhiteElo "1484"]
[BlackElo "1606"]
[PlyCount "49"]

1. e4 e5 2. Nf3 Nc6 3. Bc4 Bc5 4. d3 h6 5. a3 Nf6 6. Nc3 d6 7. b4 Bb6 8. O-O
Ng4 9. Nd5 Bxf2+ 10. Rxf2 Nxf2 11. Kxf2 Nd4 12. h3 c6 13. Ne3 Be6 14. Bxe6 fxe6
15. Kg1 Qf6 16. Nxd4 exd4 17. Ng4 Qf7 18. Bb2 e5 19. c3 Qb3 20. Qd2 dxc3 21.
Bxc3 O-O 22. d4 exd4 23. Qxd4 Qf7 24. Nxh6+ gxh6 25. Qh8# 1-0

[Event "Tournoi Skype 011A"]
[Site "Skype"]
[Date "????.??.??"]
[Round "7.19"]
[White "Malbec, Robert"]
[Black "Belouin, Alexis"]
[Result "1-0"]
[WhiteElo "1547"]
[BlackElo "1415"]
[PlyCount "63"]

1. e4 e5 2. Nf3 Nc6 3. Bb5 Nf6 4. O-O Nxe4 5. Re1 Nd6 6. Bxc6 dxc6 7. Nxe5 Be6
8. Nc3 g6 9. d4 Bg7 10. Be3 O-O 11. Qd2 Bxe5 12. dxe5 Nc4 13. Qxd8 Rfxd8 14.
Bc1 b6 15. b3 Na5 16. Bg5 Rd7 17. Ne4 Kg7 18. Rad1 h6 19. Bf6+ Kh7 20. Bh4 g5
21. Nf6+ Kg6 22. Nxd7 gxh4 23. Nf6 c5 24. Re3 Kf5 25. h3 c4 26. Rde1 cxb3 27.
axb3 c5 28. Rf3+ Kg5 29. Ne4+ Kg6 30. Nd6 h5 31. Rf6+ Kg7 32. Re4 1-0

[Event "Tournoi Skype 011A"]
[Site "Skype"]
[Date "????.??.??"]
[Round "7.20"]
[White "Holtz, Steve"]
[Black "Duthoit, Bernard"]
[Result "1/2-1/2"]
[WhiteElo "1499"]
[BlackElo "1535"]
[PlyCount "58"]

1. e4 e6 2. d4 d5 3. Nc3 c5 4. exd5 exd5 5. Nf3 Nf6 6. Bb5+ Nc6 7. O-O Be7 8.
Ne5 Bd7 9. Nxd7 Qxd7 10. Be3 a6 11. Bxc6 Qxc6 12. f3 c4 13. Qd2 b5 14. b4 Bxb4
15. Rfe1 O-O 16. Rab1 Ba5 17. Bg5 Rab8 18. a3 Bd8 19. Qf4 Nh5 20. Qxb8 Bxg5 21.
Qe5 Bd2 22. Nxd5 Kh8 23. Re2 Qh6 24. c3 Nf4 25. Nxf4 Bxf4 26. Qe8 Qxh2+ 27. Kf1
Qh1+ 28. Kf2 Qh4+ 29. Kf1 Qh1+ 1/2-1/2

[Event "Tournoi Skype 011A"]
[Site "Skype"]
[Date "????.??.??"]
[Round "7.21"]
[White "Grib, Johannes"]
[Black "Kruzeniski, Randy"]
[Result "0-1"]
[WhiteElo "1499"]
[BlackElo "1499"]
[PlyCount "76"]

1. e4 e5 2. Nf3 d6 3. Bc4 Nf6 4. d3 h6 5. c3 c5 6. Qb3 Qe7 7. Nh4 g6 8. Bb5+
Nbd7 9. O-O a6 10. Qa4 Bg7 11. Be3 O-O 12. Bc4 b5 13. Nxg6 Qe8 14. Bxb5 fxg6
15. Bc4+ Kh8 16. Nd2 Nb6 17. Qxe8 Rxe8 18. Bb3 Be6 19. c4 Ng4 20. Bd1 Nxe3 21.
fxe3 Rf8 22. Be2 h5 23. h3 Bh6 24. Rxf8+ Rxf8 25. Nf1 Nd7 26. g4 hxg4 27. hxg4
Nf6 28. Kg2 Nxg4 29. Bxg4 Bxg4 30. Nh2 Be2 31. Rh1 Kg7 32. d4 Bxe3 33. dxe5
Rf2+ 34. Kh3 dxe5 35. a3 Bxc4 36. Kg3 Rxb2 37. Ng4 Bf4+ 38. Kf3 Be2+ 0-1

[Event "Tournoi Skype 011A"]
[Site "Skype"]
[Date "????.??.??"]
[Round "7.22"]
[White "Khatanhar, Mohit"]
[Black "Gieschen, Mike"]
[Result "1-0"]
[WhiteElo "1421"]
[BlackElo "1655"]
[PlyCount "49"]

1. e4 c5 2. d4 d5 3. c3 e6 4. e5 c4 5. Nf3 Ne7 6. Be2 g6 7. Be3 Bg7 8. Qd2 O-O
9. Bh6 Bxh6 10. Qxh6 f6 11. exf6 Nf5 12. Qh3 Qxf6 13. O-O Bd7 14. Nbd2 Nc6 15.
Ne5 Nxe5 16. dxe5 Qxe5 17. Bg4 Rae8 18. Nf3 Qf6 19. Rae1 e5 20. Bxf5 Bxf5 21.
Qg3 e4 22. Nd4 Re5 23. f3 exf3 24. Rxe5 Qxe5 25. Qxe5 1-0

[Event "Tournoi Skype 011A"]
[Site "Skype"]
[Date "????.??.??"]
[Round "7.23"]
[White "De Coninck, Philippe"]
[Black "Meaney, Mike"]
[Result "0-1"]
[WhiteElo "1525"]
[BlackElo "1537"]
[PlyCount "52"]

1. e4 e6 2. d4 d5 3. e5 c5 4. c3 Nc6 5. Nf3 Qb6 6. Bd3 cxd4 7. cxd4 Bd7 8. Be2
Nge7 9. Nc3 Nf5 10. Na4 Qc7 11. O-O Be7 12. Nc3 a6 13. a3 h6 14. Qd3 Na7 15.
Bd2 Qd8 16. Rac1 Nb5 17. Bd1 Nxc3 18. Qxc3 Rc8 19. Qb3 Rxc1 20. Bxc1 Qc7 21.
Bc2 O-O 22. Bxf5 exf5 23. Qxd5 Rd8 24. Bd2 Bb5 25. Rc1 Qxc1+ 26. Bxc1 Rxd5 0-1

[Event "Tournoi Skype 011A"]
[Site "Skype"]
[Date "????.??.??"]
[Round "7.24"]
[White "Galani, Mahendra"]
[Black "Yeter, Orhan"]
[Result "1-0"]
[WhiteElo "1491"]
[BlackElo "1400"]
[PlyCount "95"]

1. e4 e5 2. Nf3 Nf6 3. d3 d5 4. exd5 Nxd5 5. Nxe5 Qf6 6. Qe2 Bd6 7. Ng4+ Qe7 8.
Ne3 Nxe3 9. Bxe3 O-O 10. Nd2 Nc6 11. c3 Be6 12. Ne4 Rad8 13. Bg5 f6 14. Bh4 Bf4
15. g3 Bg5 16. Qh5 Bf7 17. Qg4 Bd5 18. Qe2 Bxh4 19. gxh4 f5 20. Ng5 Qxe2+ 21.
Bxe2 Rfe8 22. Rg1 f4 23. f3 b5 24. a3 Na5 25. Rg2 h6 26. Ne4 Nb3 27. Rd1 Be6
28. Nf6+ Kf7 29. Nxe8 Rxe8 30. Kf2 a5 31. Rdg1 Rg8 32. d4 c5 33. dxc5 Nxc5 34.
Bxb5 a4 35. Be2 Bh3 36. Bc4+ Be6 37. Bxe6+ Nxe6 38. Rd1 g5 39. Rd7+ Kf6 40.
hxg5+ Nxg5 41. Rd6+ Kf5 42. Rg4 Nh3+ 43. Kf1 Rxg4 44. fxg4+ Kxg4 45. Rxh6 f3
46. Rg6+ Kf4 47. Rf6+ Ke3 48. Re6+ 1-0